| 000 | 00789nam a2200241Ia 4500 | ||
|---|---|---|---|
| 003 | GCL | ||
| 008 | 140319s9999 xx 000 0 ara d | ||
| 040 |
_aGCL / _cGCL |
||
| 082 | 0 | 4 |
_a928.1 _bا م |
| 100 | 1 | _aاحمد عبدالحى | |
| 245 | 1 | 0 |
_aمفاتيح كبار الشعراء العرب / _cاحمد عبدالحى |
| 250 | _aالاولى | ||
| 260 |
_aالقاهرة : _bبلنسية للنشر والتوزيع ، _c2006 |
||
| 300 |
_a400 ص ؛ _c24 سم |
||
| 650 | 0 | 4 | _aابونواس، الحسن بن هانى |
| 650 | 0 | 4 | _aالشعراء العرب |
| 650 | 0 | 4 | _aابوالعلاء المعرى |
| 650 | 0 | 4 | _aعنترة بن شداد |
| 650 | 0 | 4 | _aصلاح عبدالصبور |
| 650 | 0 | 4 | _aادونيس |
| 650 | 0 | 4 | _aعمرو بن كلثوم |
| 942 |
_2ddc _cBK |
||
| 999 |
_c8229 _d8229 |
||